| 000 | 00540nam a2200193 a 4500 | ||
|---|---|---|---|
| 003 | DLC | ||
| 005 | 20260325112815.0 | ||
| 008 | 260325c1996 ag|zr|p|r|||| 00| 0 spa d | ||
| 035 | _aUPN01000059302 | ||
| 040 |
_aMX-MxUPN _bspa _cMX-MxUPN _eaacr2 |
||
| 245 | 1 | 0 | _aActas pedagógicas |
| 260 |
_aArgentina : _bUniversidad Nacional del Comahue. Facultad de Ciencias de la Educación, _c1996- |
||
| 310 | _aIrregular | ||
| 362 | 0 | _a1996 1 (1) | |
| 653 | 0 | _aPedagogía | |
| 902 | _aGloria Jiménez/250326 | ||
| 905 | _aRevista | ||
| 942 | _cREV-I | ||
| 999 |
_c59302 _d59302 |
||